Akame ga Kill! Characters Quiz - Statistics

General Stats
  • This quiz has been taken 76 times
  • The average score is 15 of 52
Answer Stats
Faction Character % Correct
Night Raid Akame
99%
Night Raid Tatsumi
97%
Night Raid Mine
88%
Jaegers Esdeath
85%
Night Raid Leone
82%
Night Raid Chelsea
74%
Night Raid Lubbock
72%
Night Raid Bulat
68%
Night Raid Sheele
68%
Jaegers Kurome
63%
Jaegers Wave
61%
Night Raid Najenda
60%
Night Raid Susanoo
54%
Jaegers/Team Stylish Dr Stylish
50%
Jaegers Bols
49%
Jaegers Seryu Ubiquitous
44%
Jaegers Run
38%
Three Beasts Liver
24%
Wild Hunt Syura
22%
Team Stylish Me
19%
Three Beasts Nyau
18%
Wild Hunt Cosmina
17%
Rakshasa Demons Mez
17%
Wild Hunt Champ
15%
Three Beasts Daidara
14%
Wild Hunt Dorothea
14%
Rakshasa Demons Suzuka
14%
Elite Seven Gozuki
11%
Elite Seven Guy
11%
Elite Seven Natala
11%
Elite Seven Poney
11%
Elite Seven Cornelia
10%
Elite Seven Gin
10%
Rakshasa Demons Ibara
10%
Oarburgh Taeko
10%
Oarburgh Cassandra
8%
Wild Hunt Enshin
8%
Elite Seven Green
8%
Team Stylish Hana
8%
Wild Hunt Izou
8%
Oarburgh Merraid Oarburgh
8%
Team Stylish Mimi
8%
Elite Seven Najasho
8%
Team Stylish Toby
8%
Elite Seven Tsukushi
8%
Oarburgh Daniel
7%
Team Stylish Kaku
7%
Oarburgh Loris
7%
Oarburgh Babara Oaburgh
6%
Oarburgh Meela
6%
Team Stylish Trooma
6%
Rakshasa Demons Shuten
1%
No matching quizzes found
Score Distribution
Percent of People with Each Score
Percentile by Number Answered
Your Score History
You have not taken this quiz